000 00829nam a2200229Ii 4500
003 JO-AjNU
008 230605s9999||||xx |||||||||||||| ||und||
017 _a2004/8/1958
020 _a9957-11-566-9
040 _aJO-AjNU
_bara
_erda
_cJO-AjNU
041 _aara
050 1 4 _aHD30.2013.H35.2005
100 3 _aالحميدي،نجم عبدالله/سلوى امين السامرائي/عبدالرحمن العبيد,
_eauthor
_929434
245 0 0 _aنظم المعلومات الادارية:مدخل معاصر
250 _aط2
264 3 1 _aعمان:دار وائل للنشر والتوزيع،2009
300 _a357ص
336 _atext
_btxt
_2rdacontent
337 _aunmediated
_bn
_2rdamedia
338 _avolume
_bnc
_2rdacarrier
650 4 _aادارة الاعمال-المعلومات الادارية
_929435
999 _aA11546
_c15114
_d15114